[Event "Barcelona op rap"]
[Site "Barcelona"]
[Date "1996.12.15"]
[Round "5"]
[White "Navarro Gomis, Joan"]
[Black "Castelltort Fernandez, Antonio"]
[Result "1-0"]
[WhiteElo "2045"]
[BlackElo "2280"]
[PlyCount "59"]
[EventDate "1996.12.??"]
[EventType "swiss (rapid)"]
[EventRounds "8"]
[EventCountry "ESP"]
[SourceTitle "EXT 2001"]
[Source "ChessBase"]
[SourceDate "2000.11.22"]
[SourceVersion "1"]
[SourceVersionDate "2000.11.22"]
[SourceQuality "1"]

1. e4 c5 2. Nf3 Nc6 3. c4 e5 4. Nc3 g6 5. Bd3 Bg7 6. 0-0 Nge7 7. Re1 0-0 8. Nd5 d6 9. a3 f5 10. b4 f4 11. Bb2 g5 12. Nxg5 Nxd5 13. exd5 Qxg5 14. dxc6 f3 15. g3 bxc6 16. bxc5 dxc5 17. Re3 Bf5 18. Bf1 e4 19. Bxg7 Qxg7 20. Rb1 Rad8 21. Qc2 Rd4 22. d3 Qg6 23. Rb3 Rfd8 24. dxe4 Bxe4 25. Qc3 h5 26. h4 Rd1 27. Re1 Rxe1 28. Qxe1 Qf5 29. Re3 Rd4 30. Kh2 1-0